| 000 | 00718nam a22002297a 4500 | ||
|---|---|---|---|
| 005 | 20140526114103.0 | ||
| 008 | 140526b xxu||||| |||| 00| 0 eng d | ||
| 020 |
_a9780141186542 _c399 |
||
| 040 | _aLoreto College | ||
| 041 | _aEnglish | ||
| 082 |
_a844..914 _bFAN |
||
| 100 | _aFanon, Frantz | ||
| 245 |
_aThe wretched of the earth _cFrantz Fanon. Preface by Jean-Paul Satre. Translated by Constance Farrington |
||
| 260 |
_aLondon _bPenguin Books _c1967 |
||
| 300 |
_a255p _b22 cm |
||
| 500 | _aLes damnes de la terre first published in France by Francois Maspero editeur 1961 | ||
| 650 | _aAnticolonialism | ||
| 650 | _aPolitics | ||
| 700 |
_4tr. _aFarrington, Constance |
||
| 850 | _aLCLIB | ||
| 942 | _cBK | ||
| 999 |
_c39260 _d89739 |
||